Latina didaxis XIII

Guardat en:
Dades bibliogràfiques
Autor principal: Rocca, Silvana (Autor)
Format: Llibre
Idioma:italià
Publicat: Génova Compagnia dei Librai 1998
Matèries:
Etiquetes: Afegir etiqueta
Sense etiquetes, Sigues el primer a etiquetar aquest registre!

MARC

LEADER 00000nam a2200000 a 4500
001 UCP7045
003 CL-VaPUC
005 20220315074418.0
008 991126e19980000it 1 ita d
082 0 4 |a 470  |b ROC  |2 21 
100 1 |a Rocca, Silvana  |e author  |9 619645 
245 1 0 |a Latina didaxis XIII 
260 |a Génova  |b Compagnia dei Librai  |c 1998 
300 |a 173 p 
583 |a last modification  |c 19991126 00:00:00  |k Rodrigo Vera 
650 0 0 |a Literatura latina   |9 258055 
650 0 0 |a Historia y crítica   |9 257407 
650 0 0 |a Congresos  |9 257560 
942 |c BK 
945 |a rbrito  |d 19991126 00:00:00 
546 |a En Italiano 
518 |p Presenze del mito II, Bogliasco, 4-5 aprile 1998 
999 |c 383501  |d 383499 
952 |0 0  |1 0  |4 0  |6 470_000000000000000_ROC_1998  |7 0  |8 A  |9 505632  |a BIBHIS  |b BIBHIS  |d 2020-01-23  |i 3583236  |o 470 ROC 1998  |p 3583236  |r 2025-01-20  |w 2020-01-23  |y BK  |k HIS